000 00367 a2200169 4500
001 44726
020 _a8526246704
040 _cAnchieta - Aquarius
100 _aLlewellyn, Claire
240 1 0 _aQuer uma mãozinha?
_lpor
245 1 0 _aQuer uma mãozinha?
300 _a32
362 0 _a2002
440 1 _aScipione
650 4 _aLiteratura infantil
942 _cBK
999 _c44726
_d44726